[Event "Wch U18"]
[Site "Porto Carras"]
[Date "2015.10.25"]
[Round "1"]
[White "Tran, Tuan Minh"]
[Black "Keleptrishvili, Irakli"]
[Result "1-0"]
[WhiteElo "2444"]
[BlackElo "2162"]
[PlyCount "89"]
[EventDate "2015.10.25"]
[EventType "swiss"]
[EventRounds "11"]
[EventCountry "GRE"]
[SourceTitle "CBM 169 Extra"]
[Source "ChessBase"]
[SourceDate "2015.12.18"]
[SourceVersion "1"]
[SourceVersionDate "2015.12.18"]
[SourceQuality "1"]

1. d4 d5 2. Nf3 Nf6 3. Bf4 g6 4. e3 Bg7 5. Be2 0-0 6. h3 c5 7. c3 Qb6 8. Qb3 c4 9. Qa3 Nc6 10. b3 cxb3 11. axb3 Ne4 12. 0-0 Be6 13. Nfd2 a5 14. Nxe4 dxe4 15. Nd2 f5 16. Bc4 Bf7 17. Bxf7+ Rxf7 18. Nc4 Qb5 19. Rfd1 Bf8 20. Qa2 Rd8 21. Nxa5 Ra8 22. b4 b6 23. c4 Qa6 24. b5 Qc8 25. Nxc6 Rxa2 26. Rxa2 h6 27. Rda1 g5 28. Ra8 Qe6 29. d5 Qg6 30. Rxf8+ Kxf8 31. Ra8+ Kg7 32. Be5+ Rf6 33. Nxe7 Qh5 34. Nxf5+ Kg6 35. Rg8+ Kxf5 36. g4+ Qxg4+ 37. hxg4+ Kxe5 38. Rc8 h5 39. Rc6 h4 40. Rxf6 Kxf6 41. c5 Ke7 42. c6 Kd6 43. Kg2 Kc7 44. f3 exf3+ 45. Kxf3 1-0

[Event "GEO-chT"]
[Site "Ureki"]
[Date "2015.10.10"]
[Round "6.4"]
[White "Chigaev, Maksim"]
[Black "Keleptrishvili, Irakli"]
[Result "1-0"]
[WhiteElo "2521"]
[BlackElo "2162"]
[PlyCount "111"]
[EventDate "2015.10.05"]
[EventType "team-tourn"]
[EventRounds "7"]
[EventCountry "GEO"]
[SourceTitle "CBM 168 Extra"]
[Source "ChessBase"]
[SourceDate "2015.10.29"]
[SourceVersion "1"]
[SourceVersionDate "2015.10.29"]
[SourceQuality "1"]
[WhiteTeam "Samegrelo"]
[BlackTeam "Kakheti"]
[WhiteTeamCountry "GEO"]
[BlackTeamCountry "GEO"]

1. e4 c5 2. Nf3 Nc6 3. Bb5 d6 4. 0-0 Bd7 5. Re1 Nf6 6. c3 a6 7. Bf1 Bg4 8. d4 cxd4 9. cxd4 Bxf3 10. gxf3 d5 11. Nc3 e6 12. Bg5 Be7 13. Bxf6 Bxf6 14. exd5 Nxd4 15. Re4 Nf5 16. dxe6 0-0 17. exf7+ Kh8 18. Qb3 Nd4 19. Qxb7 Nxf3+ 20. Kg2 Rb8 21. Qc6 Bxc3 22. Qxc3 Rxf7 23. Be2 Qg5+ 24. Kh1 Nxh2 25. Qg3 Qxg3 26. fxg3 Nf3 27. Rf1 Ng5 28. Rxf7 Nxe4 29. Bxa6 g6 30. Rb7 Ra8 31. Rb6 Nxg3+ 32. Kh2 Nf5 33. a3 Kg7 34. a4 Kf8 35. b4 Ke7 36. a5 Nd6 37. Bb7 Ra7 38. Bd5 Kd7 39. Kg3 Rc7 40. Kf4 Rc1 41. a6 Ra1 42. b5 Ra5 43. a7 Rxa7 44. Ke5 Nf5 45. Rf6 Ra5 46. Rf7+ Ke8 47. Rb7 Kd8 48. Bc6 Ra1 49. Rd7+ Kc8 50. b6 Re1+ 51. Kf6 Nd6 52. Rxd6 Rb1 53. Be4 Rb4 54. Ke5 g5 55. b7+ Kc7 56. Rc6+ 1-0

[Event "GEO-chT"]
[Site "Ureki"]
[Date "2015.10.09"]
[Round "5.2"]
[White "Keleptrishvili, Irakli"]
[Black "Sibashvili, Giorgi"]
[Result "0-1"]
[WhiteElo "2162"]
[BlackElo "2367"]
[PlyCount "84"]
[EventDate "2015.10.05"]
[EventType "team-tourn"]
[EventRounds "7"]
[EventCountry "GEO"]
[SourceTitle "CBM 168 Extra"]
[Source "ChessBase"]
[SourceDate "2015.10.29"]
[SourceVersion "1"]
[SourceVersionDate "2015.10.29"]
[SourceQuality "1"]
[WhiteTeam "Kakheti"]
[BlackTeam "Nona"]
[WhiteTeamCountry "GEO"]
[BlackTeamCountry "GEO"]

1. e4 e6 2. d4 d5 3. Nd2 Nf6 4. e5 Nfd7 5. Bd3 c5 6. c3 b6 7. Nh3 Ba6 8. Bxa6 Nxa6 9. 0-0 Qc8 10. Nf4 cxd4 11. cxd4 Nb4 12. Nf3 a5 13. a3 Nc6 14. Nh5 a4 15. Qd2 Na5 16. Qg5 Rg8 17. Qf4 h6 18. Bd2 Nb3 19. Rab1 g6 20. Nf6+ Nxf6 21. exf6 g5 22. Qe3 Qc2 23. Rfd1 Bd6 24. Ne5 Nxd2 25. Qxd2 Qxd2 26. Rxd2 Bxe5 27. dxe5 Kd7 28. g3 Rgc8 29. b3 Rc6 30. Rd4 axb3 31. Rxb3 Kc7 32. h4 Rc4 33. Rxc4+ dxc4 34. Rb4 b5 35. hxg5 Kc6 36. a4 bxa4 37. Rxc4+ Kd5 38. Rc1 hxg5 39. f4 gxf4 40. gxf4 Ke4 41. Rf1 a3 42. f5 a2 0-1

[Event "GEO-chT Club"]
[Site "Ureki"]
[Date "2014.10.02"]
[Round "6.4"]
[White "Khomeriki, Nino"]
[Black "Keleptrishvili, Irakli"]
[Result "0-1"]
[WhiteElo "2158"]
[BlackElo "2168"]
[PlyCount "158"]
[EventDate "2014.09.27"]
[EventType "team-tourn"]
[EventRounds "7"]
[EventCountry "GEO"]
[SourceTitle "CBM 162 Extra"]
[Source "ChessBase"]
[SourceDate "2014.10.17"]
[SourceVersion "1"]
[SourceVersionDate "2014.10.17"]
[SourceQuality "1"]
[WhiteTeam "Tbilisi"]
[BlackTeam "Kakheti"]
[WhiteTeamCountry "GEO"]
[BlackTeamCountry "GEO"]

1. Nf3 Nf6 2. g3 b5 3. Bg2 Bb7 4. 0-0 e6 5. b3 Bxf3 6. exf3 d5 7. f4 Be7 8. Bb2 0-0 9. Re1 c6 10. d3 Nfd7 11. Nd2 Bf6 12. Qc1 Bxb2 13. Qxb2 a5 14. c4 g6 15. Rac1 Na6 16. cxd5 cxd5 17. Qd4 Qf6 18. Qxf6 Nxf6 19. Bf1 Rac8 20. d4 Nb4 21. Rc5 Rxc5 22. dxc5 Rc8 23. a3 Nc2 24. Rc1 Nxa3 25. c6 Ne8 26. Nf3 Nd6 27. Nd4 Rc7 28. f3 Nf5 29. Nxf5 gxf5 30. Kf2 Kf8 31. g4 fxg4 32. fxg4 a4 33. bxa4 bxa4 34. Rc5 h6 35. h4 Nb1 36. Ra5 a3 37. Bd3 Nc3 38. Rxa3 Rxc6 39. Ke3 Nd1+ 40. Kd4 Nf2 41. Be2 Ne4 42. f5 Kg7 43. fxe6 Rxe6 44. Bf3 Nf6 45. Ra7 Nxg4 46. Bxd5 Rf6 47. Re7 h5 48. Ke4 Rf1 49. Kd4 Nh6 50. Re5 Rf4+ 51. Re4 Nf5+ 52. Ke5 Rxe4+ 53. Bxe4 Nxh4 54. Bb7 Kg6 55. Kf4 Kf6 56. Bd5 Ng6+ 57. Kg3 Kg7 58. Kf3 f5 59. Kg3 Kf6 60. Bf3 Kg5 61. Kh3 h4 62. Bd1 Nf4+ 63. Kh2 Kf6 64. Bc2 Kg5 65. Bd1 Nd5 66. Kh3 Ne3 67. Be2 Nc2 68. Bd3 Nd4 69. Bc4 f4 70. Bd3 f3 71. Ba6 Ne2 72. Bb7 Nf4+ 73. Kh2 f2 74. Bg2 Kf6 75. Bf1 Ke5 76. Kh1 Kd4 77. Bb5 Ke3 78. Bc4 Kd2 79. Bf1 Ke1 0-1

[Event "GEO-chT Club"]
[Site "Ureki"]
[Date "2014.10.01"]
[Round "5.2"]
[White "Keleptrishvili, Irakli"]
[Black "Tutisani, Noe"]
[Result "1/2-1/2"]
[WhiteElo "2168"]
[BlackElo "2259"]
[PlyCount "75"]
[EventDate "2014.09.27"]
[EventType "team-tourn"]
[EventRounds "7"]
[EventCountry "GEO"]
[SourceTitle "CBM 162 Extra"]
[Source "ChessBase"]
[SourceDate "2014.10.17"]
[SourceVersion "1"]
[SourceVersionDate "2014.10.17"]
[SourceQuality "1"]
[WhiteTeam "Kakheti"]
[BlackTeam "Kutaisi"]
[WhiteTeamCountry "GEO"]
[BlackTeamCountry "GEO"]

1. e4 d6 2. d4 Nf6 3. Nc3 g6 4. g3 Bg7 5. Bg2 0-0 6. Nge2 Nbd7 7. h3 c5 8. Be3 cxd4 9. Bxd4 Nb6 10. Qd3 e5 11. Be3 Be6 12. Rd1 Rc8 13. b3 d5 14. exd5 Bf5 15. Qd2 h5 16. 0-0 Qd7 17. Kh2 Rfe8 18. a4 Rcd8 19. a5 Nc8 20. Na4 Kh7 21. c4 Nd6 22. Bxa7 Nxc4 23. bxc4 Qxa4 24. Bb6 Rd7 25. c5 Ne4 26. Qc1 Bh6 27. Qb2 Qc4 28. d6 Nxc5 29. Bxc5 Qxc5 30. Bxb7 Rb8 31. a6 Be4 32. Qc3 Qxc3 33. Nxc3 Bxb7 34. axb7 Rbxb7 35. Ne4 Rd8 36. Rd5 Bf8 37. Rxe5 Bxd6 38. Nxd6 1/2-1/2

[Event "GEO-chT Club"]
[Site "Ureki"]
[Date "2014.09.28"]
[Round "2.2"]
[White "Kuridze, Mishiko"]
[Black "Keleptrishvili, Irakli"]
[Result "0-1"]
[WhiteElo "1647"]
[BlackElo "2168"]
[PlyCount "52"]
[EventDate "2014.09.27"]
[EventType "team-tourn"]
[EventRounds "7"]
[EventCountry "GEO"]
[SourceTitle "CBM 162 Extra"]
[Source "ChessBase"]
[SourceDate "2014.10.17"]
[SourceVersion "1"]
[SourceVersionDate "2014.10.17"]
[SourceQuality "1"]
[WhiteTeam "Guria"]
[BlackTeam "Kakheti"]
[WhiteTeamCountry "GEO"]
[BlackTeamCountry "GEO"]

1. e4 c5 2. Nf3 Nc6 3. d4 cxd4 4. Nxd4 e6 5. c3 d6 6. b4 Nf6 7. f3 Be7 8. a4 0-0 9. Be3 d5 10. Nxc6 bxc6 11. e5 Nd7 12. f4 c5 13. b5 a6 14. c4 Bb7 15. Rg1 d4 16. Bd2 f6 17. Qg4 fxe5 18. Qxe6+ Kh8 19. fxe5 Re8 20. Kd1 Bf6 21. Qh3 Nxe5 22. Ra3 Be4 23. Rb3 axb5 24. axb5 Ra1 25. Kc1 Qa8 26. Qh5 Bg6 0-1

[Event "Poti Aleksandria Cup 9th"]
[Site "Poti"]
[Date "2014.07.20"]
[Round "9"]
[White "Lorparizangeneh, Shahin"]
[Black "Keleptrishvili, Irakli"]
[Result "1/2-1/2"]
[WhiteElo "2259"]
[BlackElo "2056"]
[PlyCount "64"]
[EventDate "2014.07.13"]
[EventType "swiss"]
[EventRounds "9"]
[EventCountry "GEO"]
[SourceTitle "CBM 161 Extra"]
[Source "ChessBase"]
[SourceDate "2014.08.29"]
[SourceVersion "1"]
[SourceVersionDate "2014.08.29"]
[SourceQuality "1"]

1. c4 e5 2. Nc3 Bb4 3. Nd5 Be7 4. Nf3 d6 5. d4 c6 6. Nxe7 Qxe7 7. Bg5 Nf6 8. e3 0-0 9. Be2 Nbd7 10. Qc2 Re8 11. 0-0 Nf8 12. dxe5 dxe5 13. Nd2 h6 14. Bxf6 Qxf6 15. Bd3 Qe7 16. c5 Rd8 17. Rad1 Bg4 18. f3 Be6 19. Ne4 Nd7 20. b3 Nf6 21. Ng3 Rd5 22. b4 Rad8 23. Ne4 Nxe4 24. Bxe4 R5d7 25. Rxd7 Qxd7 26. Qc3 f6 27. a3 Qd2 28. Qxd2 Rxd2 29. Rf2 Rd1+ 30. Rf1 Rd2 31. Rf2 Rd1+ 32. Rf1 Rd2 1/2-1/2

[Event "Poti Aleksandria Cup 9th"]
[Site "Poti"]
[Date "2014.07.19"]
[Round "8"]
[White "Keleptrishvili, Irakli"]
[Black "Mikadze, Miranda"]
[Result "1-0"]
[WhiteElo "2056"]
[BlackElo "2240"]
[PlyCount "63"]
[EventDate "2014.07.13"]
[EventType "swiss"]
[EventRounds "9"]
[EventCountry "GEO"]
[SourceTitle "CBM 161 Extra"]
[Source "ChessBase"]
[SourceDate "2014.08.29"]
[SourceVersion "1"]
[SourceVersionDate "2014.08.29"]
[SourceQuality "1"]

1. e4 c6 2. d4 d5 3. Nc3 dxe4 4. Nxe4 Nf6 5. Nxf6+ gxf6 6. Nf3 h5 7. Be2 h4 8. h3 Qc7 9. 0-0 Bf5 10. Be3 Nd7 11. c4 e6 12. a4 Bd6 13. a5 Nf8 14. a6 b6 15. Qa4 Ng6 16. d5 Ne7 17. Nd4 Be4 18. dxe6 fxe6 19. Nxe6 Bh2+ 20. Kh1 Qe5 21. Nd4 Qc7 22. Bf3 Bxf3 23. Nxf3 Bd6 24. b4 Rh5 25. c5 bxc5 26. bxc5 Bxc5 27. Qg4 Rd5 28. Bxc5 Rxc5 29. Qxh4 0-0-0 30. Rab1 Nd5 31. Rb7 Qa5 32. Qg4+ 1-0

[Event "Poti Aleksandria Cup-B 8th"]
[Site "Poti"]
[Date "2013.07.18"]
[Round "6"]
[White "Keleptrishvili, Irakli"]
[Black "Chanturia, Lasha"]
[Result "1-0"]
[WhiteElo "1913"]
[BlackElo "1953"]
[PlyCount "143"]
[EventDate "2013.07.13"]
[EventType "swiss"]
[EventRounds "9"]
[EventCountry "GEO"]
[SourceTitle "EXT 2014"]
[Source "ChessBase"]
[SourceDate "2013.11.20"]
[SourceVersion "1"]
[SourceVersionDate "2013.11.20"]
[SourceQuality "1"]

1. e4 c5 2. Nf3 Nc6 3. Bb5 a6 4. Bxc6 bxc6 5. c3 d5 6. Qa4 Bd7 7. d3 Qc7 8. c4 e5 9. 0-0 Nf6 10. Qc2 Bg4 11. Ne1 Bd6 12. Nc3 d4 13. Na4 0-0 14. b3 Nd7 15. h3 Bh5 16. g4 Bg6 17. Ng2 h5 18. Qe2 hxg4 19. hxg4 f6 20. Nh4 Bh7 21. Kg2 g5 22. Nf5 Bxf5 23. gxf5 Kf7 24. Ba3 Rh8 25. Rh1 Qd8 26. Rxh8 Qxh8 27. Rh1 Qg7 28. Qh5+ Ke7 29. Kf3 Rg8 30. Kg4 Qf7 31. Qh6 Rg7 32. Qh3 Qg8 33. f3 Qf7 34. Qh8 Rg8 35. Qh7 Rg7 36. Qh5 Qxh5+ 37. Rxh5 Kf7 38. Bc1 Kg8 39. Bd2 Bc7 40. Rh6 Rh7 41. Kh5 Rxh6+ 42. Kxh6 Kf7 43. Be1 Bd8 44. Nb2 Bc7 45. Nd1 Bd8 46. Nf2 Bc7 47. Ng4 Nf8 48. Bd2 Nd7 49. Kh7 Nf8+ 50. Kh8 Nd7 51. Nh6+ Kf8 52. Kh7 Bd8 53. Kg6 Bc7 54. Nf7 Kg8 55. a3 a5 56. Nh6+ Kf8 57. Ng4 Bd8 58. Bxa5 Bxa5 59. Nxf6 Nxf6 60. Kxf6 Bc7 61. Ke6 Ke8 62. a4 Kd8 63. Kf7 Kd7 64. f6 Bd8 65. Kg7 Ke6 66. f7 Bf6+ 67. Kg8 Be7 68. f8Q Bxf8 69. Kxf8 Kd6 70. Kf7 Kd7 71. Kf6 Kd6 72. Kxg5 1-0

[Event "Wch U12"]
[Site "Kemer"]
[Date "2009.11.21"]
[Round "10"]
[White "Ansell, Alan"]
[Black "Keleptrishvili, Irakli"]
[Result "1/2-1/2"]
[WhiteElo "1990"]
[BlackElo "1751"]
[PlyCount "109"]
[EventDate "2009.11.12"]
[EventType "swiss"]
[EventRounds "11"]
[EventCountry "TUR"]
[SourceTitle "EXT 2010"]
[Source "ChessBase"]
[SourceDate "2010.11.25"]
[SourceVersion "1"]
[SourceVersionDate "2010.11.25"]
[SourceQuality "1"]

1. d4 d5 2. Nf3 Nf6 3. e3 e6 4. Bd3 c5 5. b3 Nc6 6. 0-0 Be7 7. Bb2 0-0 8. Nbd2 b6 9. Ne5 Bb7 10. f4 Nd7 11. f5 Ndxe5 12. dxe5 exf5 13. Bxf5 g6 14. Bd3 Bc8 15. a3 Be6 16. Bb5 Qc7 17. Nf3 a6 18. Be2 b5 19. Qe1 c4 20. Qg3 b4 21. a4 c3 22. Bc1 Rfd8 23. Bd3 Bf8 24. e4 Bg7 25. Bf4 Qd7 26. Bg5 Re8 27. Bf6 dxe4 28. Bxe4 Bd5 29. Bxd5 Qxd5 30. Rae1 h6 31. Kh1 Re6 32. Bxg7 Kxg7 33. Rd1 Qc5 34. Rfe1 Rae8 35. Rd6 Rxd6 36. exd6 Rxe1+ 37. Nxe1 Qe5 38. Qxe5+ Nxe5 39. Nd3 Nc6 40. d7 a5 41. Ne5 Nd8 42. Nc4 Kf6 43. Nxa5 Ke7 44. Nc4 Kxd7 45. Kg1 Nc6 46. Kf2 Nd4 47. Ne3 f5 48. g3 g5 49. a5 Kc6 50. a6 Kb6 51. Nd5+ Kxa6 52. Nxb4+ Kb5 53. Nd5 Nxc2 54. Nxc3+ Kb4 55. Nd5+ 1/2-1/2

[Event "Wch U12"]
[Site "Kemer"]
[Date "2009.11.12"]
[Round "1"]
[White "Keleptrishvili, Irakli"]
[Black "Ruiz Castillo, Joshua Daniel"]
[Result "0-1"]
[WhiteElo "1751"]
[BlackElo "2120"]
[PlyCount "79"]
[EventDate "2009.11.12"]
[EventType "swiss"]
[EventRounds "11"]
[EventCountry "TUR"]
[SourceTitle "EXT 2010"]
[Source "ChessBase"]
[SourceDate "2010.11.25"]
[SourceVersion "1"]
[SourceVersionDate "2010.11.25"]
[SourceQuality "1"]

1. e4 c5 2. c4 e5 3. Nc3 d6 4. d3 Be6 5. g3 Nc6 6. Bg2 g6 7. Nge2 Bg7 8. 0-0 Nge7 9. a3 0-0 10. Rb1 a5 11. Be3 f5 12. f4 Rb8 13. fxe5 Bxe5 14. Bh6 Rf7 15. Nf4 Bd7 16. Bg5 Kg7 17. Nfd5 h6 18. Bf4 Bxf4 19. Rxf4 g5 20. Rf1 Nd4 21. Qh5 Ng6 22. Ne2 Nxe2+ 23. Qxe2 Ne5 24. exf5 Bxf5 25. Be4 Qf8 26. Bxf5 Rxf5 27. Kg2 Qf7 28. Qe4 Rf8 29. Rxf5 Qxf5 30. Qxf5 Rxf5 31. Rd1 Rf3 32. d4 cxd4 33. c5 dxc5 34. Re1 Rf5 35. Ne7 Rf7 36. Rxe5 Kf6 37. Rxc5 Rxe7 38. Kf2 Re8 39. Rc7 Rb8 40. Kf3 0-1